| Tag |
First Indicator |
Second Indicator |
Subfields |
| LEADER |
00000cam a2200000 a 4500 |
| 001 |
in00002786521 |
| 005 |
20211120170314.0 |
| 006 |
m | d f |
| 007 |
cr mn||||||||| |
| 008 |
121108s2011 nyuab o f000 0 eng c |
| 035 |
|
|
|a (OCoLC)ocn816498053
|
| 040 |
|
|
|a GPO
|c GPO
|d GPO
|d MvI
|d UtOrBLW
|
| 042 |
|
|
|a pcc
|
| 043 |
|
|
|a n-use--
|
| 049 |
|
|
|a WWW
|
| 074 |
|
|
|a 0569 (online)
|
| 086 |
0 |
|
|a AE 1.113:45
|
| 110 |
1 |
|
|a United States.
|b National Archives and Records Administration.
|
| 245 |
1 |
0 |
|a National Archives at New York City :
|b federal records of the Northeast Region from New York, New Jersey, Puerto Rico, U.S. Virgin Islands.
|
| 246 |
3 |
0 |
|a Federal records of the Northeast Region from New York, New Jersey, Puerto Rico, U.S. Virgin Islands
|
| 250 |
|
|
|a Rev. 2011.
|
| 264 |
|
1 |
|a [New York City, N.Y.] :
|b [National Archives],
|c [2011]
|
| 300 |
|
|
|a 1 online resource (6 unnumbered pages) :
|b color illustrations, map.
|
| 336 |
|
|
|a text
|b txt
|2 rdacontent
|
| 337 |
|
|
|a computer
|b c
|2 rdamedia
|
| 338 |
|
|
|a online resource
|b cr
|2 rdacarrier
|
| 490 |
1 |
|
|a General information leaflet ;
|v 45
|
| 500 |
|
|
|a Title from title screen (viewed on Nov. 8, 2012).
|
| 500 |
|
|
|a Electronic resource.
|
| 610 |
1 |
0 |
|a United States.
|b National Archives and Records Administration.
|
| 650 |
|
0 |
|a Public records
|z New York (State)
|
| 650 |
|
0 |
|a Public records
|z New Jersey.
|
| 650 |
|
0 |
|a Public records
|z Puerto Rico.
|
| 650 |
|
0 |
|a Public records
|z United States Virgin Islands.
|
| 651 |
|
0 |
|a New York (State)
|x Archival resources.
|
| 651 |
|
0 |
|a New Jersey
|x Archival resources.
|
| 651 |
|
0 |
|a Puerto Rico
|x Archival resources.
|
| 651 |
|
0 |
|a United States Virgin Islands
|x Archival resources.
|
| 776 |
0 |
8 |
|i Print version:
|a United States. National Archives and Records Administration.
|t National Archives at New York City
|w (OCoLC)727133727
|
| 830 |
|
0 |
|a General information leaflet ;
|v no. 45.
|
| 856 |
4 |
0 |
|u https://purl.fdlp.gov/GPO/gpo31001
|t 0
|
| 999 |
|
|
|a MARS
|
| 999 |
f |
f |
|s 37a196a8-3f29-30be-a82b-039b5ddb92f3
|i 609bf629-ca3c-3290-b4f1-78f58014852d
|t 0
|
| 952 |
f |
f |
|a Texas A&M University
|b College Station
|c Electronic Resources
|d Available Online
|t 0
|e AE 1.113:45
|h Superintendent of Documents classification
|
| 998 |
f |
f |
|a AE 1.113:45
|t 0
|l Available Online
|